00882nam a2200265Ia 4500003000400000005001700004008004100021020001500062040001800077041000800095082001800103100002600121245004500147250001200192260004300204300002200247650003700269650003600306650003300342650003900375650003100414942002600445999001900471952012600490OSt20250910155932.0210716s1993 xx 000 0 und d a817029729X cAIMIT LIBRARY aeng a005.746bNELM aNelson, Mark.9238528 aData compression book /cBy Mark Nelson. a1st ed. aNew Delhi :bBPB Publications ,c1993. a527p.;bPBc24cm. aData compression lexicon9238529 aSignificant improvement9238530 aStatistical modeling9238531 aSliding window compression9238532 aSpeech compression9238533 2ddccBKk005.746 NELM c182584d182584 001040708MCAaAIMITbAIMITd2021-07-16g120.00l0o005.746 NELMpMCA02092r2026-05-23 00:00:00v120.00w2021-07-16yBK